Aves de Magallanes
Saved in:
| Main Author: | |
|---|---|
| Format: | Book |
| Language: | Spanish |
| Published: |
Punta Arenas
Universidad de Magallanes
1994
|
| Subjects: | |
| Tags: |
Add Tag
No Tags, Be the first to tag this record!
|
MARC
| LEADER | 00000nam a2200000 a 4500 | ||
|---|---|---|---|
| 001 | UCY2124 | ||
| 003 | CL-VaPUC | ||
| 008 | 941010e19940000CL |||||||||||||||||spa|d | ||
| 082 | 0 | 4 | |a 598.2983 |b VEN |2 21 |
| 100 | 0 | |a Venegas Canelo, Claudio |e author |9 330178 | |
| 245 | 1 | 0 | |a Aves de Magallanes |
| 300 | |a 158 p | ||
| 942 | |c BK | ||
| 945 | |d 19941010 00:00:00 |a oaravena | ||
| 260 | |a Punta Arenas |b Universidad de Magallanes |c 1994 | ||
| 650 | 0 | |a Aves |9 262192 | |
| 651 | 7 | |a CHILE |2 CL-VaPUC |9 330179 | |
| 583 | |a last modification |c 19941010 00:00:00 |k Rodrigo Vera | ||
| 999 | |c 230621 |d 230619 | ||
| 952 | |0 0 |1 0 |4 0 |6 598_298300000000000_VEN_1994 |7 0 |8 A |9 233016 |a BIBING |b BIBING |d 2019-11-15 |i 3024938 |o 598.2983 VEN 1994 |p 3024938 |r 2025-01-20 |w 2019-11-15 |y BK |k GEO | ||